Paesi Uniti #6 - Statistics

Statistiche generali
  • Questo quiz è stato fatto 2.059 volte
  • Il punteggio medio è 14 su 20
Risposte nella Mappa
Le risposte nella mappa del quiz sottostante sono codificate secondo una scala di colori dal rosso al verde in base alla % di persone che hanno risposto correttamente.
 
Statistiche sulle risposte
Paesi Uniti % Corretto
Russia
90%
Finlandia
85%
Turchia
83%
Siria
81%
Venezuela
79%
Guyana
78%
Cina
74%
Repubblica Centrafricana
74%
Sud Sudan
74%
Nicaragua
72%
Honduras
71%
Afghanistan
70%
India
69%
Turkmenistan
69%
Birmania
67%
Kirghizistan
63%
Nigeria
62%
Benin
59%
Slovacchia
56%
Ungheria
56%
Nessun quiz corrispondente trovato
Distribuzione punteggi
Percentuale di utenti per punteggio
Percentile per numero di risposta
I tuoi punteggi nel tempo
Non hai fatto questo quiz